00917cam a2200253 a 450000100100000000500170001000800410002702000150006804000250008308200230010824500840013125000110021526000320022630000280025849000290028650400320031565000280034765000340037565000310040970000450044083000370048595201260052299900150064800000279520200929150245.0950328s2000 sp a b 000 1 spa d a8437612055 aDO-SdBNPbspacBNPHU a863.3bT355m, 200000aTextos medievales de caballerías /cedición de José María Viña Liste. a2a ed. aMadrid :bCátedra,c2000. a742 p. :bil. ;c18 cm.1 aLetras hispánicasv373 aBibliografía: (p. 85-92). 4aNovela española91123 4aLibros de caballerías98827 4aLiteratura española96321 aViña Liste, José María,eed.98828 0aLetras hispánicas ;v37394208 001052708MOaGRbGRcHDd2009-07-03iLF1l0o863.3 T355m, 2000p2795-10r2020-06-25w2020-06-25y2ZPréstamo interno c2629d2629